| 000 | 00568nam a2200205Ia 4500 | ||
|---|---|---|---|
| 003 | OSt | ||
| 005 | 20230606105100.0 | ||
| 008 | 210423s2007 xx 000 0 und d | ||
| 040 | _cAL | ||
| 041 | _aeng | ||
| 082 |
_a361.3 _223 _b IQBP |
||
| 100 |
_aIQBAL (Shaikh A) _9119984 |
||
| 245 | _aProblems of social welfare and social work | ||
| 260 |
_aNew Delhi _bSublime Publications _c2007 |
||
| 365 |
_b800 _cINR |
||
| 650 |
_aSocial Problems & Services _9119985 |
||
| 650 |
_aSocial Work _9119986 |
||
| 906 | _aProblems ; social ; welfare ; work | ||
| 942 |
_2ddc _cBK |
||
| 999 |
_c174887 _d174887 |
||